[Event "Wasselonne op"]
[Site "Wasselonne"]
[Date "2009.08.07"]
[Round "3"]
[White "Zenner, Gilles"]
[Black "Breffi, Nicolas"]
[Result "0-1"]
[WhiteElo "1593"]
[BlackElo "1835"]
[PlyCount "72"]
[EventDate "2009.08.06"]
[EventType "swiss"]
[EventRounds "7"]
[EventCountry "FRA"]
[SourceTitle "EXT 2011"]
[Source "ChessBase"]
[SourceDate "2010.11.26"]
[SourceVersion "1"]
[SourceVersionDate "2010.11.26"]
[SourceQuality "1"]

1. e4 e6 2. d4 d5 3. Nc3 Nf6 4. e5 Nfd7 5. f4 c5 6. Nf3 Nc6 7. Be3 a6 8. Rb1 b5 9. a3 Qb6 10. Qd2 cxd4 11. Nxd4 Nxd4 12. Bxd4 Bc5 13. Bxc5 Nxc5 14. Qf2 b4 15. axb4 Qxb4 16. Qd2 Bd7 17. Bd3 Rb8 18. 0-0 Na4 19. Bxa6 Qb6+ 20. Qf2 Qxa6 21. Nxa4 Qxa4 22. Qc5 Rc8 23. Qd6 Qc6 24. Qxc6 Rxc6 25. c3 0-0 26. Ra1 Rc7 27. g4 g6 28. h4 Rb7 29. Rf2 Rfb8 30. b4 Rc8 31. h5 Rxc3 32. hxg6 hxg6 33. f5 exf5 34. gxf5 Bxf5 35. Ra8+ Rc8 36. Ra6 Rxb4 0-1